Das einzig übrige Land, das ... (Asien) - Statistiken

Allgemein
  • Dieses Quiz wurde 744 mal gespielt
  • Das Durchschnittsergebnis liegt bei 38 aus 49
Antworten auf der Karte
Die Antworten werden auf der Karte rot bzw. grün angezeigt, abhängig davon wie oft sie richtig erraten wurden.
 
Antwortstatistiken
Das einzig übrige asiatische Land, das ... Antwort % Korrekt
größtenteils jüdisch ist Israel
96%
mehr als 1 Milliarde Einwohner hat Indien
95%
auf mehreren Kontinenten liegt Türkei
95%
mit "U" beginnt Usbekistan
95%
14 Nachbarländer hat China
93%
einen Berg über 8500 m hat Nepal
90%
größer als Kanada ist Russland
90%
mit "O" beginnt Oman
88%
ein höheres BIP als Deutschland hat Japan
85%
am Aralsee liegt Kasachstan
85%
Türkisch als Amtssprache hat Zypern
82%
über 200 Millionen Einwohner hat Indonesien
81%
weniger als 10 Einwohner pro km² hat Mongolei
81%
an die Türkei und Russland grenzt Georgien
80%
an Israel und die Türkei grenzt Syrien
80%
mit "I" beginnt Irak
79%
ein Nachbarland des Omans ist Vereinigte Arabische Emirate
79%
nur an Indien und China grenzt Bhutan
78%
eine Fußball-WM austrug Katar
78%
auf der Koreahalbinsel liegt Südkorea
78%
größer als 2 Millionen km² ist Saudi-Arabien
77%
am Mittelmeer liegt Libanon
76%
eine Hauptstadt hat, die mit "I" beginnt Pakistan
76%
auf der Südhalbkugel liegt Osttimor
75%
eine Hauptstadt hat, die exakt wie das Land heißt Singapur
75%
aus einer Insel besteht Sri Lanka
75%
7 Nachbarländer hat Iran
74%
an das Rote Meer grenzt Jemen
74%
am Toten Meer liegt Jordanien
74%
4 Buchstaben hat Laos
74%
an Russland grenzt Nordkorea
74%
auf "-tan" endet Tadschikistan
74%
einen Krieg gegen die USA gewann Vietnam
74%
an China und den Iran grenzt Afghanistan
73%
ein Inselstaat ist Philippinen
73%
an die Türkei grenzt Armenien
72%
an Kasachstan grenzt Kirgisistan
72%
auf der Arabischen Halbinsel liegt Kuwait
70%
von der UN nicht anerkannt wird Taiwan
69%
am Kaspischen Meer liegt Turkmenistan
69%
einen Sultan hat Brunei
68%
ein Gebäude höher als 600 m hat Malaysia
68%
an den Indischen Ozean grenzt Myanmar
68%
8 Buchstaben hat Thailand
68%
eine Hauptstadt mit 4 Buchstaben hat Aserbaidschan
67%
2 Nachbarländer hat Bangladesch
67%
in Asien liegt Kambodscha
66%
eine rot-weiße Flagge hat Bahrain
65%
kleiner als Malta ist Malediven
65%
Keine übereinstimmenden Quizze gefunden
Verteilung der Resultate
Anzahl Personen mit jedem Resultat
Perzentil nach korrekt beantworteten Fragen
Ihre Resultats-Entwicklung
Sie haben dieses Quiz noch nicht gespielt